| 000 | 00697nam a2200181Ia 4500 | ||
|---|---|---|---|
| 008 | 100921s9999 xx 000 0 und d | ||
| 082 |
_b32298 _a808.068 थ 99 |
||
| 100 | _aसाने हेमा. | ||
| 245 | _aआपले हिरवे मित्र. | ||
| 260 |
_bमधुराज प्रकाशन,पुणे. _c1999 |
||
| 300 |
_a46 _bदिलिपराज प्रकाशन,पुणे. |
||
| 365 | _b30 | ||
| 520 | _aललित-बालवाङ्रमय. | ||
| 630 | _aआपले हिरवे मित्र. | ||
| 650 | _aललित-बालवाङ्रमय. | ||
| 730 | _aआपले हिरवे मित्र. | ||
| 942 | _cBOOK | ||
| 999 |
_c781411 _d781408 |
||